जैन धर्म एवं संस्कृति / (Record no. 29533)

MARC details
000 -LEADER
fixed length control field 01156 aa a2200253 4500
005 - DATE AND TIME OF LATEST TRANSACTION
control field 20090825102923.0
008 - FIXED-LENGTH DATA ELEMENTS--GENERAL INFORMATION
fixed length control field 080916t xxu||||| |||| 00| 0 hin d
010 ## - LCCN (DPL NO)
LC control number HIN-87873
020 ## - INTERNATIONAL STANDARD BOOK NUMBER
Terms of availability 450.00
International Standard Book Number 8179101274
035 ## - SYSTEM CONTROL NUMBER
System control number HN-60219
037 ## - SOURCE OF ACQUISITION
Source of stock number/acquisition DBAD / PUB
040 ## - CATALOGING SOURCE
Original cataloging agency DPL
Language of cataloging HN
082 ## - DEWEY DECIMAL CLASSIFICATION NUMBER
Classification number 240
100 ## - MAIN ENTRY--PERSONAL NAME
Personal name निर्मला गोदीका
245 ## - TITLE STATEMENT
Title जैन धर्म एवं संस्कृति /
Statement of responsibility, etc निर्मला गोदीका
246 ## - VARYING FORM OF TITLE
Title proper/short title Jain dharm evam sanskriti
Remainder of title by Nirmla Godika
260 ## - PUBLICATION, DISTRIBUTION, ETC. (IMPRINT)
Place of publication, distribution, etc जयपुर
Name of publisher, distributor, etc आविष्कार पब्लिशर्स
Date of publication, distribution, etc 2005
270 ## - ADDRESS
Address 807, व्यास बिल्डिंग ,चौड़ा रास्ता
City जयपुर
Postal code 302003 (राज.)
Telephone number 0141-2578159
300 ## - PHYSICAL DESCRIPTION
Extent xiv,202पृ
Dimensions 22 सेमी (सजिल्द)
650 ## - SUBJECT ADDED ENTRY--TOPICAL TERM
Topical term or geographic name as entry element जैन धर्म
650 ## - SUBJECT ADDED ENTRY--TOPICAL TERM
Topical term or geographic name as entry element Jainism
942 ## - ADDED ENTRY ELEMENTS (KOHA)
Institution code [OBSOLETE] dpl
Item type Hindi Books
Source of classification or shelving scheme Dewey Decimal Classification
Call number suffix निर्मला
Classification part 240
Holdings
Withdrawn status Lost status Source of classification or shelving scheme Damaged status Not for loan Home library Current library Date acquired Source of acquisition Cost, normal purchase price Total Checkouts Full call number Barcode Date last seen Copy number Cost, replacement price Koha item type
    Dewey Decimal Classification   Not For Loan D.B.Act.Division D.B.Act.Division 25/08/2009 DBAD / PUB 450.00   240 निर्मला HN-60219 25/08/2009 1 450.00 Hindi Books

© Delhi Public Library
Hit Counter
free hit counter